IMPROVE YOUR WRITING (Record no. 18789)
[ view plain ]
| 000 -LEADER | |
|---|---|
| fixed length control field | 00392nam a2200169Ia 4500 |
| 003 - CONTROL NUMBER IDENTIFIER | |
| control field | OSt |
| 005 - DATE AND TIME OF LATEST TRANSACTION | |
| control field | 20240314104900.0 |
| 008 - FIXED-LENGTH DATA ELEMENTS--GENERAL INFORMATION | |
| fixed length control field | 170619s9999 xx 000 0 und d |
| 020 ## - INTERNATIONAL STANDARD BOOK NUMBER | |
| International Standard Book Number | 9780195613674 |
| 040 ## - CATALOGING SOURCE | |
| Transcribing agency | IIMT ENGINEERING COLLEGE |
| 100 ## - MAIN ENTRY--PERSONAL NAME | |
| Personal name | Arora |
| 245 #0 - TITLE STATEMENT | |
| Title | IMPROVE YOUR WRITING |
| 260 ## - PUBLICATION, DISTRIBUTION, ETC. | |
| Name of publisher, distributor, etc. | OXFORD UNIVERSITY PRESS |
| 260 ## - PUBLICATION, DISTRIBUTION, ETC. | |
| Date of publication, distribution, etc. | 2008 |
| 546 ## - LANGUAGE NOTE | |
| Language note | ENGLISH |
| 942 ## - ADDED ENTRY ELEMENTS (KOHA) | |
| Source of classification or shelving scheme | |
| Koha item type | Book Bank |
| Withdrawn status | Lost status | Source of classification or shelving scheme | Damaged status | Not for loan | Home library | Current library | Date acquired | Source of acquisition | Barcode | Date last seen | Price effective from | Koha item type | Total Checkouts |
|---|---|---|---|---|---|---|---|---|---|---|---|---|---|
| IIMT Engineering College-BTech | IIMT Engineering College-BTech | 11/05/2008 | 1 | 06-B-26467 | 07/03/2017 | 07/03/2017 | Book Bank | ||||||
| IIMT Engineering College-BTech | IIMT Engineering College-BTech | 11/05/2008 | 1 | 06-B-26468 | 07/03/2017 | 07/03/2017 | Book Bank | ||||||
| IIMT Engineering College-BTech | IIMT Engineering College-BTech | 07/21/2009 | 2 | 06-B-32258 | 07/03/2017 | 07/03/2017 | Text-Book- for 7 days | ||||||
| IIMT Engineering College-BTech | IIMT Engineering College-BTech | 07/21/2009 | 2 | 06-B-32259 | 07/03/2017 | 07/03/2017 | Text-Book- for 7 days | ||||||
| IIMT Engineering College-BTech | IIMT Engineering College-BTech | 07/21/2009 | 2 | 06-B-32260 | 07/03/2017 | 07/03/2017 | Text-Book- for 7 days | ||||||
| IIMT Engineering College-BTech | IIMT Engineering College-BTech | 07/21/2009 | 2 | 06-B-32261 | 07/03/2017 | 07/03/2017 | Text-Book- for 7 days | ||||||
| IIMT Engineering College-BTech | IIMT Engineering College-BTech | 07/21/2009 | 2 | 06-B-32262 | 07/03/2017 | 07/03/2017 | Text-Book- for 7 days |

